[Event "XV_Izmailovs_memorial"]
[Site "Tomsk"]
[Date "2011.06.08"]
[EventDate "?"]
[Round "8.7"]
[Result "1/2-1/2"]
[White "Sergei Zablotsky"]
[Black "Vladislav Artemiev"]
[WhiteElo "2535"]
[BlackElo "2381"]
[PlyCount "91"]

1. e4 c5 2. b3 d5 3. exd5 Qxd5 4. Bb2 Nc6 5. Nf3 Bg4 6. Be2
O-O-O 7. h3 Bxf3 8. Bxf3 Qe6+ 9. Be2 Nd4 10. Bxd4 Rxd4 11. O-O
Qd7 12. c3 Rd6 13. Na3 Nh6 14. Nc4 Rf6 15. b4 cxb4 16. cxb4 e6
17. Ne5 Qe8 18. a4 Bd6 19. Rc1+ Bc7 20. Qc2 Qd8 21. Qe4 Qd5
22. Bf3 Qxe4 23. Bxe4 Rd8 24. Rc5 Re8 25. Rfc1 Re7 26. Rb5 Kd8
27. d4 Nf5 28. Rxb7 Nxd4 29. Nc6+ Nxc6 30. Bxc6 Bd6 31. Rb5
Rc7 32. Rb8+ Rc8 33. Rxc8+ Kxc8 34. Rc4 Kb8 35. Be4 h5 36. h4
Rf4 37. g3 Rg4 38. Kg2 f5 39. Bd3 Rxc4 40. Bxc4 Bxb4 41. Bxe6
f4 42. Bf7 fxg3 43. fxg3 Kc7 44. Kf3 Kd6 45. Bxh5 Ke5 46. Be8
1/2-1/2

[Event "Russian Chess Championships Higher League"]
[Site "Tyumen RUS"]
[Date "2012.06.16"]
[EventDate "2012.06.16"]
[Round "1"]
[Result "1/2-1/2"]
[White "Vladislav Artemiev"]
[Black "Maxim Matlakov"]
[WhiteElo "2459"]
[BlackElo "2668"]
[PlyCount "80"]

1. c4 c5 2. Nf3 Nc6 3. Nc3 g6 4. g3 Bg7 5. Bg2 e6 6. O-O Nge7
7. d4 cxd4 8. Nb5 O-O 9. Nbxd4 Nxd4 10. Nxd4 d5 11. cxd5 Nxd5
12. e4 Nb6 13. Nb5 Qxd1 14. Rxd1 Bd7 15. Nd6 Bc6 16. Bf4 Bxb2
17. Rab1 Ba3 18. e5 Bxd6 19. Bxc6 bxc6 20. exd6 Rfd8 21. Rbc1
Rac8 22. Be3 Rd7 23. Bc5 f6 24. Rc2 Rb7 25. Rb1 Rd7 26. Bxb6
axb6 27. Rxb6 Rxd6 28. a4 Kg7 29. a5 Rd1+ 30. Kg2 Ra1 31. a6
f5 32. Rb7+ Kf6 33. a7 Ra8 34. Rxh7 R1xa7 35. Rxa7 Rxa7
36. Rxc6 g5 37. h3 Rb7 38. Rc8 Rb4 39. Rf8+ Kg7 40. Rc8 Kf6
1/2-1/2

[Event "Russian Chess Championships Higher League"]
[Site "Tyumen RUS"]
[Date "2012.06.17"]
[EventDate "2012.06.16"]
[Round "2"]
[Result "1/2-1/2"]
[White "Ildar Khairullin"]
[Black "Vladislav Artemiev"]
[WhiteElo "2631"]
[BlackElo "2459"]
[PlyCount "85"]

1. e4 c5 2. Nf3 d6 3. d4 cxd4 4. Nxd4 Nf6 5. Nc3 a6 6. Be2 e6
7. O-O Qc7 8. f4 Be7 9. a4 Nc6 10. Be3 O-O 11. Kh1 Re8 12. Bf3
Rb8 13. Qd2 Nxd4 14. Bxd4 e5 15. Ba7 Ra8 16. Bg1 exf4 17. a5
Be6 18. Qxf4 Nd7 19. Nd5 Bxd5 20. exd5 Ne5 21. c3 Bf6 22. Be2
Qe7 23. Bd1 Bg5 24. Qd4 Rac8 25. Bb3 g6 26. Rae1 Qc7 27. Qa4
Re7 28. Bb6 Qd7 29. Qxd7 Nxd7 30. Rxe7 Bxe7 31. Re1 Ne5
32. Bd4 Bf6 33. Re2 Kg7 34. Bb6 Bd8 35. Bd4 f6 36. h3 Bxa5
37. g4 h6 38. Kg2 Kf7 39. Kg3 Bd8 40. h4 Be7 41. Rf2 Nd3
42. Re2 Ne5 43. Rf2 1/2-1/2

[Event "Russian Chess Championships Higher League"]
[Site "Tyumen RUS"]
[Date "2012.06.19"]
[EventDate "2012.06.16"]
[Round "4"]
[Result "0-1"]
[White "Mikhail Popov"]
[Black "Vladislav Artemiev"]
[WhiteElo "2184"]
[BlackElo "2459"]
[PlyCount "100"]

1. e4 e6 2. Nf3 d5 3. Nc3 Nf6 4. e5 Nfd7 5. d4 c5 6. dxc5 Nc6
7. Bf4 Nxc5 8. Bd3 Be7 9. Qe2 Qb6 10. O-O Bd7 11. a3 Nxd3
12. Qxd3 Rc8 13. b4 O-O 14. Rfe1 Kh8 15. Ne2 f6 16. Ned4 Nxd4
17. Nxd4 Rc4 18. c3 Rfc8 19. Bd2 f5 20. f4 Qd8 21. Kh1 Qf8
22. Re3 Bd8 23. Rh3 Bb6 24. Nf3 Kg8 25. Re1 h6 26. Rb1 a6
27. Qe2 Bb5 28. Qe1 Qf7 29. Qg3 Kf8 30. Nh4 Ke8 31. Nf3 Re4
32. Be1 Re2 33. Rd1 Rc4 34. Nd2 Rc8 35. Nf3 Ra2 36. Qh4 Be3
37. Ng5 hxg5 38. Qxg5 Bb6 39. Rh7 Bd8 40. Qg3 Rc7 41. Bf2 Be2
42. Re1 Bg4 43. Rh8+ Kd7 44. Qe3 Rc8 45. h3 Bh5 46. c4 Rxc4
47. Qa7 Bc7 48. Qxb7 Rxf2 49. Qc8+ Ke7 50. Rg1 Rfxf4 0-1

[Event "Russian Chess Championships Higher League"]
[Site "Tyumen RUS"]
[Date "2012.06.20"]
[EventDate "2012.06.16"]
[Round "5"]
[Result "1/2-1/2"]
[White "Vladislav Artemiev"]
[Black "Anton Demchenko"]
[WhiteElo "2459"]
[BlackElo "2575"]
[PlyCount "67"]

1. d4 Nf6 2. Nf3 g6 3. g3 Bg7 4. Bg2 O-O 5. O-O d6 6. c4 Nbd7
7. Nc3 e5 8. e4 exd4 9. Nxd4 Nc5 10. h3 Re8 11. Re1 Bd7
12. Bf4 h6 13. Nb3 Ne6 14. Be3 Ng5 15. Bxg5 hxg5 16. c5 g4
17. h4 Bc6 18. Na5 Re5 19. Nxc6 bxc6 20. cxd6 cxd6 21. Re2 Qe7
22. Rd2 Rd8 23. Qa4 Qb7 24. Rad1 Bf8 25. Qc4 a5 26. Rc2 Rde8
27. Na4 Rc8 28. Rdc1 Bh6 29. Rd1 Bf8 30. Rdc1 Bh6 31. Rd1 Bf8
32. Rdc1 Bh6 33. Rd1 Bf8 34. Rcc1 1/2-1/2

[Event "Russian Chess Championships Higher League"]
[Site "Tyumen RUS"]
[Date "2012.06.21"]
[EventDate "2012.06.16"]
[Round "6"]
[Result "1/2-1/2"]
[White "Vladislav Artemiev"]
[Black "Daniil Lintchevski"]
[WhiteElo "2459"]
[BlackElo "2563"]
[PlyCount "44"]

1. c4 e5 2. g3 Nf6 3. Bg2 d5 4. cxd5 Nxd5 5. Nf3 Nc6 6. O-O
Nb6 7. Nc3 Be7 8. a3 O-O 9. b4 Be6 10. d3 a5 11. b5 Nd4
12. Nd2 c6 13. bxc6 Nxc6 14. Rb1 a4 15. e3 Qc7 16. Nb5 Qd7
17. Nc3 Qc7 18. Nb5 Qd7 19. Nc3 Qc7 20. Nb5 Qd7 21. Nc3 Qc7
22. Nb5 Qd7 1/2-1/2

[Event "Russian Chess Championships Higher League"]
[Site "Tyumen RUS"]
[Date "2012.06.23"]
[EventDate "2012.06.16"]
[Round "7"]
[Result "1-0"]
[White "Artyom Timofeev"]
[Black "Vladislav Artemiev"]
[WhiteElo "2641"]
[BlackElo "2459"]
[PlyCount "113"]

1. c4 e5 2. Nc3 Bb4 3. Nd5 Bc5 4. e3 Nf6 5. Ne2 Nxd5 6. cxd5
O-O 7. g3 d6 8. d4 Bb4+ 9. Bd2 Bxd2+ 10. Qxd2 Bg4 11. Bg2 Bxe2
12. Kxe2 Nd7 13. Rhc1 f5 14. Rc3 f4 15. exf4 exf4 16. Kf1 fxg3
17. hxg3 Nf6 18. Qe2 Kh8 19. Rac1 Rf7 20. Kg1 h6 21. Qe6 Re7
22. Qf5 Rc8 23. Bh3 Rb8 24. b4 a6 25. a3 Ra8 26. R3c2 Nh7
27. Qd3 Ng5 28. Bg4 a5 29. b5 b6 30. f4 Nh7 31. a4 Rb8 32. Bf5
Nf8 33. Kf2 Ra8 34. Rc3 Ra7 35. Qf3 Ra8 36. Qh5 Nh7 37. Be6
Rb8 38. Qf5 Nf8 39. g4 Nh7 40. Kg2 Ra8 41. R3c2 Ra7 42. Kg3
Qe8 43. g5 g6 44. Qh3 h5 45. Kh2 Qf8 46. Rf1 Ra8 47. Rg2 Qg7
48. f5 Qxd4 49. fxg6 Qe5+ 50. Kh1 Rf8 51. Rxf8+ Nxf8 52. Qxh5+
Nh7 53. Qh4 Rg7 54. Rf2 Qe1+ 55. Kg2 Qxf2+ 56. Qxf2 Rxg6
57. Qd4+ 1-0

[Event "Russian Chess Championships Higher League"]
[Site "Tyumen RUS"]
[Date "2012.06.24"]
[EventDate "2012.06.16"]
[Round "8"]
[Result "1/2-1/2"]
[White "Alexandr Ulanov"]
[Black "Vladislav Artemiev"]
[WhiteElo "2392"]
[BlackElo "2459"]
[PlyCount "75"]

1. d4 Nf6 2. Nf3 g6 3. Nbd2 d5 4. e3 Bg7 5. b4 O-O 6. c4 a5
7. b5 c5 8. dxc5 Ng4 9. Rb1 Bf5 10. Rb3 a4 11. Ra3 Nd7 12. h3
Ngf6 13. c6 bxc6 14. bxc6 Nc5 15. Nd4 Qa5 16. Nxf5 gxf5 17. g4
dxc4 18. Bxc4 Rad8 19. Qc2 Nfe4 20. f3 Nxd2 21. Bxd2 Qc7
22. Kf2 Bf6 23. g5 Bxg5 24. Rg1 h6 25. Bb4 Kh8 26. Rg2 Qb6
27. Bc3+ f6 28. Rxg5 hxg5 29. Qxf5 Qc7 30. Kg2 Qxc6 31. Qg6
Ne6 32. Rxa4 Rd6 33. Qh6+ Kg8 34. Qg6+ Kh8 35. Qh6+ Kg8
36. Qg6+ Kh8 37. Qh6+ Kg8 38. Qg6+ 1/2-1/2

[Event "Russian Chess Championships Higher League"]
[Site "Tyumen RUS"]
[Date "2012.06.25"]
[EventDate "2012.06.16"]
[Round "9"]
[Result "1/2-1/2"]
[White "Vladislav Artemiev"]
[Black "Rail Makhmutov"]
[WhiteElo "2459"]
[BlackElo "2363"]
[PlyCount "90"]

1. c4 e5 2. Nc3 Nc6 3. Nf3 Nf6 4. g3 Bb4 5. Bg2 O-O 6. Nd5 Bc5
7. O-O d6 8. d3 h6 9. e3 a6 10. Bd2 Ba7 11. Bc3 Nxd5 12. cxd5
Ne7 13. Nd2 c6 14. dxc6 Nxc6 15. Qb3 Rb8 16. Rac1 Be6 17. Bd5
Bxd5 18. Qxd5 Ne7 19. Qb3 Nc6 20. Bb4 Nxb4 21. Qxb4 f5
22. Qb3+ Kh8 23. Qd5 f4 24. exf4 exf4 25. d4 Qd7 26. Nf3 Rbe8
27. Rce1 fxg3 28. hxg3 Rxe1 29. Rxe1 Qf5 30. Qxf5 Rxf5 31. Kg2
Kg8 32. Re8+ Rf8 33. Re7 Rf7 34. Re8+ Rf8 35. Re6 Bb8 36. Re3
d5 37. Rb3 Rf7 38. Ne5 Rc7 39. Kf3 Ba7 40. Ke3 g5 41. Ra3 Bb6
42. Rb3 Ba7 43. Ra3 Bb6 44. Rb3 Ba7 45. Ra3 Bb6 1/2-1/2

[Event "Russian Chess Championships Higher League"]
[Site "Tyumen RUS"]
[Date "2012.06.27"]
[EventDate "2012.06.16"]
[Round "11"]
[Result "1/2-1/2"]
[White "Vladislav Artemiev"]
[Black "Pavel Maletin"]
[WhiteElo "2459"]
[BlackElo "2596"]
[PlyCount "62"]

1. e4 c6 2. c4 d5 3. cxd5 cxd5 4. exd5 Nf6 5. Nc3 Nxd5 6. Nf3
Nc6 7. Bb5 g6 8. Qa4 Nb6 9. Bxc6+ bxc6 10. Qxc6+ Bd7 11. Qe4
Bg7 12. O-O Rc8 13. d4 Bc6 14. Qe2 O-O 15. Rd1 Nd5 16. Nxd5
Bxd5 17. Ne5 Ba8 18. b3 Qd5 19. f3 Rfd8 20. Be3 Bb7 21. Rac1
Bxe5 22. dxe5 Rxc1 23. Rxc1 Qxe5 24. Qf2 a6 25. Re1 Rd7
26. Bh6 Qh5 27. Be3 Qd5 28. Bh6 Qh5 29. Be3 Qd5 30. Bh6 Qh5
31. Be3 Qd5 1/2-1/2

[Event "Corporation Centre Cup A"]
[Site "Izhevsk RUS"]
[Date "2012.07.15"]
[EventDate "2012.07.15"]
[Round "1"]
[Result "0-1"]
[White "Pavel Tsvetkov"]
[Black "Vladislav Artemiev"]
[WhiteElo "2136"]
[BlackElo "2477"]
[PlyCount "66"]

1. e4 c5 2. Nf3 d6 3. d4 cxd4 4. Nxd4 Nf6 5. Nc3 a6 6. Qf3 g6
7. h3 Bg7 8. Be3 Nc6 9. Nxc6 bxc6 10. e5 Nd5 11. Bc4 Be6
12. Bxd5 cxd5 13. Nxd5 O-O 14. O-O Bxe5 15. Nf4 Bf5 16. c3 Rb8
17. g4 Bc8 18. Nd3 Bb7 19. Qe2 Bg7 20. Rfe1 Qc7 21. f3 e5
22. Rad1 a5 23. b4 f5 24. bxa5 fxg4 25. fxg4 Bf3 26. Bb6 Qb7
27. Qd2 Bxd1 28. Rxd1 Qf3 29. Nf2 Qg3+ 30. Kf1 e4 31. Be3 Rf3
32. Re1 Rbf8 33. a6 Bxc3 0-1

[Event "Corporation Centre Cup A"]
[Site "Izhevsk RUS"]
[Date "2012.07.18"]
[EventDate "2012.07.15"]
[Round "4.18"]
[Result "1-0"]
[White "Vladislav Artemiev"]
[Black "Bakhtiyar Nugumanov"]
[WhiteElo "2477"]
[BlackElo "2279"]
[PlyCount "77"]

1. c4 g6 2. g3 Bg7 3. Bg2 Nf6 4. Nf3 c6 5. d4 O-O 6. O-O d6
7. Nc3 Nbd7 8. e4 e5 9. Re1 Re8 10. h3 a6 11. Be3 b6 12. Qc2
exd4 13. Nxd4 Bb7 14. Rad1 Qc7 15. g4 Rad8 16. f4 h6 17. Bf3
Qb8 18. h4 Qa8 19. g5 hxg5 20. hxg5 Nh7 21. Qg2 c5 22. Nde2 b5
23. Rxd6 Bf8 24. Rd2 Nb6 25. Rxd8 Rxd8 26. b3 Rd3 27. Kf2 Bg7
28. e5 Bxf3 29. Qxf3 Qc8 30. Qe4 bxc4 31. bxc4 Qf5 32. Rb1
Nxg5 33. Qxf5 gxf5 34. Rxb6 Nh3+ 35. Kf3 Bxe5 36. Nd5 Bxf4
37. Nexf4 Ng5+ 38. Ke2 Ra3 39. Rb8+ 1-0

[Event "FIDE World Rapid Championship"]
[Site "Khanty-Mansiysk RUS"]
[Date "2013.06.06"]
[EventDate "2013.06.06"]
[Round "4.15"]
[Result "1/2-1/2"]
[White "Vladislav Artemiev"]
[Black "Boris Grachev"]
[WhiteElo "2524"]
[BlackElo "2683"]
[PlyCount "101"]

1. c4 c6 2. Nf3 d5 3. e3 Nf6 4. Nc3 e6 5. b3 Bd6 6. Bb2 O-O
7. Be2 b6 8. O-O Bb7 9. Rc1 Nbd7 10. cxd5 exd5 11. d4 Qe7
12. Bd3 Rfe8 13. Ne2 g6 14. Ng3 Rad8 15. Rc2 h5 16. Qe2 Ne4
17. Ba6 Bxa6 18. Qxa6 h4 19. Nxe4 dxe4 20. Nd2 Nb8 21. Qe2 h3
22. g3 Qe6 23. Rfc1 Bf8 24. Nb1 c5 25. dxc5 bxc5 26. Nd2 Nc6
27. Bc3 Nd4 28. exd4 cxd4 29. Bxd4 Rxd4 30. Nf1 Bh6 31. Re1
Qd5 32. Ne3 Bxe3 33. Qxe3 Rd3 34. Qc5 Rd1 35. Qe3 Rd3 36. Qc5
Rd1 37. Qe3 Rxe1+ 38. Qxe1 a5 39. Re2 e3 40. fxe3 Rxe3 41. Qf1
Rf3 42. Qa1 Qc5+ 43. Kh1 Qc6 44. Kg1 Rc3 45. Qb2 Rc1+ 46. Kf2
Qc5+ 47. Kf3 Rf1+ 48. Rf2 Qd5+ 49. Ke3 Re1+ 50. Re2 Rf1
51. Rf2 1/2-1/2

[Event "Andranik Margaryan Mem"]
[Site "Yerevan ARM"]
[Date "2014.01.14"]
[EventDate "?"]
[Round "7"]
[Result "1-0"]
[White "Vladislav Artemiev"]
[Black "Aleksandar Indjic"]
[WhiteElo "2570"]
[BlackElo "2538"]
[PlyCount "81"]

1. d4 Nf6 2. c4 c5 3. d5 e6 4. Nc3 exd5 5. cxd5 d6 6. Nf3 g6
7. Nd2 Bg7 8. e4 O-O 9. Be2 Na6 10. O-O Nc7 11. a4 b6 12. Kh1
Re8 13. f3 Nh5 14. Nc4 Ba6 15. g4 Nf6 16. Bf4 Bxc4 17. Bxc4 a6
18. Qd3 h5 19. g5 Nh7 20. h4 Qd7 21. Kh2 Nf8 22. Bg3 b5
23. axb5 Bxc3 24. Qxc3 axb5 25. Bd3 c4 26. Rxa8 Rxa8 27. Bc2
Qe7 28. f4 Nd7 29. Qd4 Na6 30. Be1 f6 31. Bc3 Rf8 32. Rg1 b4
33. gxf6 Rxf6 34. e5 dxe5 35. fxe5 Nxe5 36. Qxe5 Rf2+ 37. Kh3
Rf3+ 38. Kg2 Qxe5 39. Bxe5 Re3 40. Bd4 Re2+ 41. Kf3 1-0

[Event "Russian Cup Final"]
[Site "Khanty-Mansiysk RUS"]
[Date "2015.12.05"]
[EventDate "2015.12.05"]
[Round "1.1"]
[Result "1-0"]
[White "Artyom Timofeev"]
[Black "Vladislav Artemiev"]
[WhiteElo "2555"]
[BlackElo "2676"]
[PlyCount "139"]

1. d4 Nf6 2. c4 g6 3. Nc3 d5 4. cxd5 Nxd5 5. e4 Nxc3 6. bxc3
Bg7 7. Be3 c5 8. Nf3 Bg4 9. Rc1 Qa5 10. Qb3 O-O 11. Qxb7 Bxf3
12. Qxa8 cxd4 13. Qd5 Qxd5 14. exd5 Bxd5 15. Bxd4 Bxd4
16. cxd4 Nc6 17. Rc5 e6 18. Kd2 Rb8 19. Bc4 Ne7 20. Bxd5 Nxd5
21. Rhc1 Kg7 22. Ra5 Rb7 23. Ra3 g5 24. Rb3 Rd7 25. a4 Kg6
26. a5 Ne7 27. Rc4 Nf5 28. Rd3 h5 29. f3 Rb7 30. Kc2 h4
31. Rc5 Rd7 32. Kc3 Ne7 33. Kc4 Nd5 34. Rb3 Kf5 35. a6 Rd6
36. Ra5 Rc6+ 37. Kd3 h3 38. gxh3 Kf4 39. Rb7 f5 40. Rxa7 Nb4+
41. Ke2 Rc2+ 42. Kd1 Rxh2 43. Re7 Rh1+ 44. Kd2 Rh2+ 45. Kc3
Nd5+ 46. Kb3 Nxe7 47. a7 Nc6 48. a8=Q Nxa5+ 49. Qxa5 Rxh3
50. Qd2+ Kxf3 51. Qxg5 Rg3 52. Qd2 Ke4+ 53. Kc4 Re3 54. Qg2+
Kf4 55. Qf2+ Ke4 56. Qg2+ Kf4 57. Kc5 Re4 58. Qf2+ Kg4 59. Kd6
f4 60. Qg2+ Kf5 61. Qc2 f3 62. d5 e5 63. Ke7 Kf4 64. d6 Rd4
65. Qf2 Rd3 66. d7 e4 67. d8=Q Rxd8 68. Kxd8 e3 69. Qh4+ Kf5
70. Qg3 1-0

[Event "Russian Cup Final"]
[Site "Khanty-Mansiysk RUS"]
[Date "2015.12.06"]
[EventDate "2015.12.05"]
[Round "1.2"]
[Result "1/2-1/2"]
[White "Vladislav Artemiev"]
[Black "Artyom Timofeev"]
[WhiteElo "2676"]
[BlackElo "2555"]
[PlyCount "111"]

1. e4 c5 2. Nf3 d6 3. Nc3 e5 4. Bc4 Nc6 5. d3 Be7 6. O-O Nf6
7. h3 O-O 8. a3 Be6 9. Ng5 Bxc4 10. dxc4 Ne8 11. Nf3 Nc7
12. Rb1 Nd4 13. b4 b6 14. Be3 Qc8 15. Nd2 f5 16. bxc5 dxc5
17. Nd5 Bd6 18. c3 Nc6 19. Qa4 Na5 20. f3 f4 21. Bf2 Qe8
22. Qc2 Kh8 23. Rfd1 Rd8 24. Kf1 Ne6 25. Ke2 Rb8 26. Kd3 Rf7
27. a4 Rfb7 28. Qa2 h6 29. Rb2 Qg6 30. Rg1 Qe8 31. Qa1 Kh7
32. Qd1 Kh8 33. Ke2 Kh7 34. Qc2 Kh8 35. Ra1 Bf8 36. Qd3 Nd8
37. Rb5 Nf7 38. Rbb1 Nd6 39. Rg1 Rf7 40. g3 Nc6 41. Rg2 Nb7
42. Rag1 Nbd8 43. Qb1 Ne6 44. h4 Na5 45. Qb5 Qc8 46. Qb1 Qe8
47. Qc2 a6 48. Ra1 Nc6 49. Rb1 Rfb7 50. Rbg1 b5 51. axb5 axb5
52. cxb5 Rxb5 53. Ra1 fxg3 54. Rxg3 Rb2 55. Qa4 Nf4+ 56. Nxf4
1/2-1/2

[Event "Nutcracker Classical"]
[Site "Moscow RUS"]
[Date "2016.12.18"]
[EventDate "2016.12.17"]
[Round "2.4"]
[Result "1/2-1/2"]
[White "Vladislav Artemiev"]
[Black "Alexey Shirov"]
[WhiteElo "2653"]
[BlackElo "2673"]
[PlyCount "47"]

1. Nf3 d5 2. d4 Nf6 3. Bf4 c5 4. e3 Nc6 5. Nbd2 cxd4 6. exd4
Bf5 7. c3 e6 8. Qb3 Bd6 9. Qxb7 Bxf4 10. Qxc6+ Kf8 11. g3
Bxd2+ 12. Nxd2 g6 13. Bg2 Kg7 14. O-O Qb8 15. Nb3 a5 16. Rfe1
h5 17. Nc5 h4 18. b3 hxg3 19. hxg3 Ng4 20. Qb7 Qd6 21. Qd7 Qb6
22. Qb7 Qd6 23. Qd7 Qb6 24. Qb7 1/2-1/2

[Event "Nutcracker Classical"]
[Site "Moscow RUS"]
[Date "2016.12.19"]
[EventDate "2016.12.17"]
[Round "3.1"]
[Result "1/2-1/2"]
[White "Vladislav Artemiev"]
[Black "Alexander Morozevich"]
[WhiteElo "2653"]
[BlackElo "2676"]
[PlyCount "61"]

1. Nf3 d5 2. e3 Nf6 3. c4 c6 4. Nc3 a6 5. d4 b5 6. b3 Bg4
7. Be2 e6 8. O-O Be7 9. Bb2 O-O 10. Ne5 Bxe2 11. Nxe2 dxc4
12. bxc4 Nfd7 13. Nf3 Nb6 14. c5 Nc4 15. Qc2 Nd7 16. Rfd1 Qc7
17. Bc3 Nf6 18. Nf4 Nd5 19. Nd3 f5 20. Re1 Rf6 21. a4 Qb7
22. Re2 Bd8 23. Be1 Bc7 24. Qb3 Rh6 25. axb5 cxb5 26. h3 Rg6
27. Nh4 Rh6 28. Nf3 Rg6 29. Nh4 Rh6 30. Nf3 Rg6 31. Nh4
1/2-1/2

[Event "Nutcracker Classical"]
[Site "Moscow RUS"]
[Date "2016.12.20"]
[EventDate "2016.12.17"]
[Round "4.3"]
[Result "1/2-1/2"]
[White "Alexey Dreev"]
[Black "Vladislav Artemiev"]
[WhiteElo "2652"]
[BlackElo "2653"]
[PlyCount "44"]

1. d4 d5 2. c4 c6 3. Nf3 Nf6 4. e3 Bf5 5. Nc3 e6 6. Nh4 Be4
7. f3 Bg6 8. Qb3 Qc7 9. Bd2 Be7 10. cxd5 cxd5 11. Nxg6 hxg6
12. O-O-O a6 13. Kb1 b5 14. Rc1 Qb7 15. Bxb5+ axb5 16. Nxb5
O-O 17. Rc7 Qb6 18. Rxe7 Nc6 19. Rc7 Ne8 20. Rd7 Nf6 21. Rc7
Ne8 22. Rd7 Nf6 1/2-1/2

[Event "Eliseev Memorial Pt1"]
[Site "Moscow RUS"]
[Date "2017.11.16"]
[EventDate "2017.11.15"]
[Round "2.1"]
[Result "1/2-1/2"]
[White "Maxim Matlakov"]
[Black "Vladislav Artemiev"]
[WhiteElo "2738"]
[BlackElo "2696"]
[PlyCount "102"]

1. e4 d5 2. exd5 Qxd5 3. Nf3 g6 4. d4 Bg7 5. Be2 Nf6 6. O-O
O-O 7. c4 Qd8 8. Nc3 Bg4 9. h3 Bxf3 10. Bxf3 Nc6 11. Be3 Ne8
12. d5 Ne5 13. c5 b6 14. Be2 bxc5 15. Bxc5 Nd6 16. Rc1 Bh6
17. Rc2 Nd7 18. Ba3 Rb8 19. Re1 Bg7 20. Ba6 Rb6 21. Bd3 Re8
22. Rce2 Rb8 23. Qa4 Bf6 24. Ne4 Nxe4 25. Bxe4 Nb6 26. Qc6 Qd7
27. Qxd7 Nxd7 28. Bf3 Kf8 29. Rc1 Be5 30. b3 a5 31. Re4 Bd6
32. Ra4 Rb5 33. Be2 Rxd5 34. Bf3 Rd2 35. Bxd6 exd6 36. Rxa5 c5
37. Bc6 Rd8 38. a4 Ne5 39. Bb7 Nd3 40. Ra1 d5 41. Ra8 Rxa8
42. Bxa8 c4 43. bxc4 dxc4 44. Ra3 Rc2 45. Kh2 Rc1 46. a5 c3
47. a6 c2 48. Rc3 Nb4 49. Be4 Nxa6 50. Rxc2 Rxc2 51. Bxc2 Nc5
1/2-1/2

[Event "Eliseev Memorial Pt1"]
[Site "Moscow RUS"]
[Date "2017.11.18"]
[EventDate "2017.11.15"]
[Round "4.2"]
[Result "0-1"]
[White "Mikhail Antipov"]
[Black "Vladislav Artemiev"]
[WhiteElo "2588"]
[BlackElo "2696"]
[PlyCount "68"]

1. e4 c6 2. d4 d5 3. e5 Bf5 4. g4 Be4 5. f3 Bg6 6. Ne2 e6
7. Nf4 Be7 8. Be2 c5 9. c3 Nc6 10. Na3 cxd4 11. cxd4 Qb6
12. Be3 Nxe5 13. h4 h5 14. Nb5 Nxf3+ 15. Kf2 hxg4 16. Rc1 Bd8
17. Nxg6 fxg6 18. Bf4 e5 19. Bxf3 exf4 20. Qa4 Kf8 21. Bxd5
Nf6 22. Bb3 Rh5 23. Nc3 Qc6 24. Qxc6 bxc6 25. Ne2 g5 26. Bc2
g3+ 27. Kg2 Nd5 28. hxg5 Ne3+ 29. Kf3 Rxh1 30. Rxh1 Nxc2
31. Rc1 Ne3 32. Nxf4 Nf5 33. Ke4 Nh4 34. Nh3 Bb6 0-1

[Event "Eliseev Memorial Pt1"]
[Site "Moscow RUS"]
[Date "2017.11.19"]
[EventDate "2017.11.15"]
[Round "5.2"]
[Result "1-0"]
[White "Vladislav Artemiev"]
[Black "Alexandr Predke"]
[WhiteElo "2696"]
[BlackElo "2601"]
[PlyCount "115"]

1. Nf3 g6 2. e4 Bg7 3. d4 d6 4. Bc4 Nf6 5. Qe2 O-O 6. e5 dxe5
7. dxe5 Nd5 8. h3 Nb6 9. Bb3 Nc6 10. O-O Nd4 11. Nxd4 Qxd4
12. Re1 Bd7 13. c3 Qc5 14. e6 Bxe6 15. Bxe6 fxe6 16. Qxe6+ Rf7
17. Be3 Qf5 18. Bxb6 axb6 19. Qe2 Raf8 20. f3 Rd8 21. Nd2 Be5
22. Rad1 Bd6 23. Ne4 Rdf8 24. Qc4 Qf4 25. Nxd6 exd6 26. Qd5
Qa4 27. Rd4 Qa5 28. Qb3 Qg5 29. h4 Qc5 30. Kf1 b5 31. Ree4 Kg7
32. Rd5 Qa7 33. a3 Rf6 34. Qb4 R8f7 35. Qb3 c6 36. Rdd4 Qc5
37. Qb4 Qh5 38. Rd3 c5 39. Qxb5 d5 40. Re2 b6 41. Qe8 Qxh4
42. Qe5 Kh6 43. Qe3+ Kg7 44. Rxd5 Qh1+ 45. Kf2 Qh4+ 46. Kg1 h5
47. Qe5 Qc4 48. Re4 Qa2 49. c4 Kh7 50. Rd8 Qb1+ 51. Kh2 Qc1
52. Qb8 Kh6 53. Rh8+ Rh7 54. Rxh7+ Kxh7 55. Re7+ Kh6 56. Qh8+
Kg5 57. Re5+ Rf5 58. Qd8+ 1-0

[Event "IMSA Elite Mind Games (Blitz)"]
[Site "?"]
[Date "2017.12.12"]
[EventDate "?"]
[Round "7.6"]
[Result "0-1"]
[White "Shakhriyar Mamedyarov"]
[Black "Vladislav Artemiev"]
[WhiteElo "2770"]
[BlackElo "2798"]
[PlyCount "115"]

1. d4 d5 2. c4 c6 3. Nc3 Nf6 4. e3 g6 5. Nf3 Bg7 6. Be2 O-O
7. O-O Bg4 8. Qb3 Qb6 9. Qc2 Nbd7 10. b3 e6 11. a4 a5 12. h3
Bxf3 13. Bxf3 Rfe8 14. Rd1 Rad8 15. Rb1 Bf8 16. g3 Qa7 17. Kg2
Nb6 18. e4 dxe4 19. Nxe4 Nxe4 20. Qxe4 Nc8 21. Bg5 Be7
22. Bxe7 Nxe7 23. Rd2 Nf5 24. Rbd1 Qb6 25. Rd3 Qc7 26. Bg4 h5
27. Bxf5 exf5 28. Qf3 Re4 29. d5 cxd5 30. Rxd5 Rde8 31. Rd7
Qb6 32. R1d6 Qb4 33. Qd3 Qe1 34. Qd5 R4e6 35. Rxe6 Rxe6
36. Qxb7 Re2 37. Qb8+ Kg7 38. Qa7 Kg8 39. Rxf7 Rxf2+ 40. Qxf2
Qe4+ 41. Qf3 Qc2+ 42. Kf1 Kxf7 43. Qd5+ Kf6 44. c5 Qc1+
45. Ke2 Qc2+ 46. Ke3 Qc3+ 47. Qd3 Qxc5+ 48. Qd4+ Qe5+
49. Qxe5+ Kxe5 50. h4 Kd5 51. Kd3 Ke5 52. b4 axb4 53. Kc4 g5
54. hxg5 h4 55. gxh4 f4 56. h5 f3 57. Kd3 b3 58. Kd4+ 0-1

[Event "IMSA Elite Mind Games (Blitz)"]
[Site "?"]
[Date "2017.12.12"]
[EventDate "?"]
[Round "8.6"]
[Result "0-1"]
[White "Le Quang Liem"]
[Black "Vladislav Artemiev"]
[WhiteElo "2771"]
[BlackElo "2798"]
[PlyCount "126"]

1. d4 Nf6 2. c4 g6 3. Nc3 d5 4. cxd5 Nxd5 5. Bd2 Bg7 6. e4 Nb6
7. Be3 O-O 8. h3 e5 9. Nf3 exd4 10. Bxd4 Nc6 11. Bxg7 Qxd1+
12. Rxd1 Kxg7 13. Bb5 Nb4 14. a3 a6 15. Be2 Nc6 16. O-O Be6
17. Nd4 Nxd4 18. Rxd4 Bb3 19. Rb4 Be6 20. Rd1 Rfd8 21. Rbd4
Rxd4 22. Rxd4 g5 23. f3 Nd7 24. Bc4 Ne5 25. Bxe6 fxe6 26. Kf2
Kf6 27. g3 Ke7 28. f4 c5 29. Rd1 gxf4 30. gxf4 Rf8 31. Ne2 Nc4
32. Rc1 b5 33. b3 Nd2 34. b4 cxb4 35. axb4 Nxe4+ 36. Ke3 Nf6
37. Nc3 Rc8 38. Kd3 Rc4 39. Ra1 Rxb4 40. Rxa6 Rxf4 41. Ra7+
Nd7 42. Nxb5 Rf3+ 43. Ke4 Rxh3 44. Nd4 Rh4+ 45. Ke3 Kd6
46. Ra6+ Kd5 47. Ra5+ Nc5 48. Ne2 Re4+ 49. Kf3 Rc4 50. Nf4+
Kd6 51. Ra7 e5 52. Ne2 h5 53. Rh7 h4 54. Rh5 Ne6 55. Ke3 Kd5
56. Ng1 Nf4 57. Rh6 h3 58. Nf3 Rc3+ 59. Kf2 e4 60. Ng5 e3+
61. Kf3 e2+ 62. Kxf4 e1=Q 63. Ke5+ Kxe5 0-1

[Event "IMSA Elite Mind Games (Blitz)"]
[Site "?"]
[Date "2017.12.13"]
[EventDate "?"]
[Round "18.6"]
[Result "1-0"]
[White "Vladislav Artemiev"]
[Black "Shakhriyar Mamedyarov"]
[WhiteElo "2798"]
[BlackElo "2770"]
[PlyCount "112"]

1. e4 e5 2. Bc4 Nf6 3. Nc3 Nc6 4. d3 Bc5 5. Nf3 d6 6. Na4 Bb6
7. a3 h6 8. h3 O-O 9. O-O Be6 10. Re1 Bxc4 11. dxc4 Nd4
12. Nh4 Nd7 13. g3 Qf6 14. Nxb6 Nxb6 15. c3 Ne6 16. b3 a5
17. a4 Nc5 18. Be3 Nbd7 19. b4 Nxe4 20. Qg4 Nxc3 21. Qxd7 axb4
22. Qxc7 b3 23. Qb6 Qe6 24. Qxb3 Ne4 25. Qxb7 Nf6 26. Kh2 Qxc4
27. a5 d5 28. Rec1 Qe2 29. Qc6 d4 30. Qc2 Qxc2 31. Rxc2 dxe3
32. fxe3 Ra6 33. Nf5 Rfa8 34. Ne7+ Kf8 35. Nc6 Ne4 36. Nxe5
Rxa5 37. Rxa5 Rxa5 38. Rc8+ Ke7 39. Nc6+ Kd7 40. Nxa5 Kxc8
41. Kg2 Kd7 42. Nb3 Ke6 43. Nd4+ Ke5 44. Nf3+ Kd5 45. Nd4 Nd6
46. Kf3 g6 47. g4 Ne4 48. h4 Nd2+ 49. Kf4 Ne4 50. Nb5 Nc5
51. Nc3+ Kc4 52. Ne2 Ne6+ 53. Ke4 Nc5+ 54. Kf3 Nd7 55. h5 gxh5
56. Ke4 Kd5+ 1-0